[Event "Gibraltar Challengers B 2020"]
[Site "Caleta"]
[Date "2020.01.25"]
[Round "1.1"]
[White "Sousa, Ludy Helsio Paulo"]
[Black "Bujakevich, Aleksandr"]
[Result "1/2-1/2"]
[WhiteElo "2247"]
[BlackElo "2014"]
[Annotator "TA"]
[PlyCount "130"]
[EventDate "2020.01.20"]
[EventType "swiss"]
[EventCountry "GGB"]
[SourceTitle "playchess.com"]
[Source "ChessBase"]
[SourceQuality "1"]

{[%evp 18,130,8,5,23,0,0,-224,-182,-325,-329,-335,-323,-354,-346,-347,-318,-318,-296,-301,-299,-553,-497,-538,-522,-542,-542,-585,-592,-573,-544,-606,-614,-832,-321,-817,-320,-310,-302,-302,-64,-266,-61,-77,-69,-69,-57,-58,-43,-61,0,0,0,-8,-8,-8,-8,-8,0,0,62,58,60,63,320,10,10,7,10,8,15,-8,-8,-8,-9,-12,-12,-122,-8,-8,-8,-8,0,0,0,0,0,0,0,0,0,0,0,0,0,0,0,0,0,0,0,0,0,0,0,0,0,0,0,0,0,0,0,0,0]} 1. e4 e6 2. d4 d5 3. e5 c5 4. c3 Nc6 5. Nf3 Qb6 6. a3 cxd4 7. cxd4 Nge7 8. b4 Nf5 9. Bb2 Be7 10. Bd3 O-O {C02: French: Advance Variation} ({Avoid the trap} 10... Ncxd4 $2 11. Nxd4 O-O 12. Bxf5 $18) (10... a6 11. O-O O-O 12. Qd2 h6 13. Bc2 Bd7 14. Bxf5 exf5 15. Nc3 Be6 16. Na4 Qb5 17. Nc3 Qb6 18. Na4 Qb5 19. Nc3 {½-½ (19) Khairullin,I (2586)-Volkov,S (2640) Sochi 2007}) 11. h4 f6 {[%cal Rf5d4]} 12. g4 $2 (12. Bxf5 $11 exf5 13. Nc3) 12... fxe5 {[%cal Rf5d4] Black is clearly better.} 13. dxe5 $146 {[#]} (13. gxf5 {was the only chance.} e4 {[%mdl 64] Double Attack} 14. Nc3 exd3 15. Qxd3) ({Predecessor:} 13. gxf5 e4 14. Ng5 exd3 15. Qh5 h6 16. Qg6 Bxg5 17. hxg5 Ne7 18. Qh5 exf5 19. gxh6 {0-1 (36) Soumya,S (2268)-Sharma,D (2387) Kolkata 2012}) 13... Ne3 $1 $19 {[%cal Re3d1][%mdl 512]} 14. Qe2 (14. fxe3 Qxe3+) 14... Ng2+ ({Don't do} 14... Nxg4 15. Nbd2 $19) 15. Kf1 Nf4 16. Qc2 Nxd3 17. Qxd3 Bd7 18. Kg2 Rf4 19. Kg3 $2 (19. Rh3 {might work better.}) 19... Raf8 20. Nbd2 {[#]} h5 $1 {[%mdl 512]} 21. gxh5 Be8 22. Rh3 Bxh5 {( -> ...Rg4+)} 23. Kg2 Bg4 24. Rg3 {[#] intending Qg6.} Bxh4 $1 {[%mdl 512]} 25. Nxh4 Qxf2+ 26. Kh1 Bf3+ $2 (26... Bh5 27. Ng2 Bf3 28. Rxf3 Rxf3 29. Nxf3 Rxf3 30. Qxf3 Qxf3) 27. Rxf3 Rxh4+ 28. Rh3 Rxh3+ 29. Qxh3 {[#] aiming for Rf1.} Qxd2 $2 (29... Rf5 $1 $19 30. Rf1 Qxd2 31. Rxf5 exf5) 30. Qxe6+ $15 {[#]} Kh7 $1 31. Rg1 {Threatening mate with Qg6+.} Qh6+ 32. Qxh6+ Kxh6 {[%mdl 4096] Endgame KRB-KRN} 33. e6 g6 (33... g5 $15) 34. b5 $11 Ne7 35. Bd4 b6 36. Be3+ Kg7 37. Bg5 Rh8+ 38. Kg2 Kf8 (38... Nf5 $11) 39. Rf1+ $14 {[%mdl 1024] White has compensation.} Nf5 40. Rc1 $1 {[%cal Rc1c8] Strongly threatening Rc8+.} Nd6 $2 {[%mdl 8192]} (40... Ng7 $1 $14) 41. Bf6 $2 ({Only move:} 41. Rc7 $18 Ne4 42. Rf7+ (42. Rxa7 Rh5 $18) 42... Kg8 43. Rxa7) 41... Rh7 $11 42. Rc6 Ne8 43. Rc8 Rh5 44. Kg3 d4 45. a4 Rd5 46. Ra8 d3 {Threatens to win with ...d2.} 47. Bc3 (47. Rd8 $1 $11 {was the only way to keep the balance.} Rd6 48. e7+ Kf7 49. Bg5) 47... d2 (47... Ke7 $17 48. Rxa7+ Kxe6) 48. Bb4+ {The position is equal.} Kg7 $1 49. Bxd2 $1 {And now Bc3+ would win.} Rxd2 50. Rxe8 {KR-KR} Kf6 51. Ra8 Rd3+ 52. Kf2 Kxe6 53. Rxa7 Rd6 54. Kg3 Kd5 55. Rc7 Rd8 56. Ra7 Kc5 57. Kf4 Rd5 58. Ke4 Rg5 59. Rc7+ Kb4 60. Ra7 Rg1 61. Kd5 {Kc6 is the strong threat.} Rc1 62. Ra6 g5 63. Rxb6 {Hoping for Ra6.} Kxa4 64. Rc6 Rb1 65. Ra6+ Kxb5 {Accuracy: White = 63%, Black = 61%.} 1/2-1/2

[Event "Gibraltar Challengers B 2020"]
[Site "Caleta"]
[Date "2020.01.25"]
[Round "1.2"]
[White "Filipovich, David"]
[Black "Meszaros, Andras"]
[Result "1/2-1/2"]
[WhiteElo "1995"]
[BlackElo "2244"]
[Annotator "TA"]
[PlyCount "37"]
[EventDate "2020.01.20"]
[EventType "swiss"]
[EventCountry "GGB"]
[SourceTitle "playchess.com"]
[Source "ChessBase"]
[SourceQuality "1"]

{[%evp 11,37,16,11,19,39,40,28,27,86,98,94,87,91,81,89,64,102,91,156,73,74,46,47,54,47,28,41,24]} 1. Nf3 g6 2. g3 Bg7 3. Bg2 d6 4. O-O Nf6 5. d4 O-O 6. b3 e5 7. dxe5 {A49: 1 d4 Nf6 2 Nf3 g6 3 g3: Anti-King's Indian systems} Ng4 8. Bg5 Qe8 9. Nc3 {[%cal Bb1c3,Bc3d5,Bd5f6][%mdl 32] White has an edge.} Nxe5 (9... Na6 $11 {remains equal.}) 10. Nd5 $16 Na6 11. Nf6+ Bxf6 12. Bxf6 Qe6 {[#]} 13. Bg5 $1 Qf5 $146 ({Predecessor:} 13... Nxf3+ 14. exf3 Bd7 15. Re1 Qf5 16. Bh6 Rfe8 17. Qd4 f6 18. g4 Qa5 19. b4 Qxb4 20. Qd5+ {1-0 (20) Fridman,D (2633)-Fistek,D (2218) Katowice 2017}) 14. Qd2 {Hoping for Nd4.} Nxf3+ (14... f6 $142 15. Be3 Nc5) 15. Bxf3 (15. exf3 $142 {Rfe1 is the strong threat.} f6 16. Bh6) 15... Nc5 16. c4 Ne4 17. Bxe4 $1 Qxe4 18. Bh6 Re8 19. Rfe1 1/2-1/2

[Event "Gibraltar Challengers B 2020"]
[Site "Caleta"]
[Date "2020.01.25"]
[Round "1.3"]
[White "Oragwu, Chukwunonso"]
[Black "Gonzalvez Perales, Jose Luis"]
[Result "1-0"]
[WhiteElo "2220"]
[BlackElo "1992"]
[Annotator "TA"]
[PlyCount "51"]
[EventDate "2020.01.20"]
[EventType "swiss"]
[EventCountry "GGB"]
[SourceTitle "playchess.com"]
[Source "ChessBase"]
[SourceQuality "1"]

{[%evp 24,51,31,20,48,56,56,43,33,44,53,45,43,50,66,43,131,84,192,199,186,160,285,292,284,278,864,877,853,842]} 1. e4 c6 2. d4 d5 3. Nd2 dxe4 4. Nxe4 Bf5 5. Ng3 Bg6 6. Nf3 e6 7. h4 h6 8. h5 Bh7 9. Bd3 Bxd3 10. Qxd3 Nd7 11. Bf4 Ngf6 12. O-O-O Qa5 13. Kb1 Nd5 {B19: Classical Caro-Kann: 4...Bf5 main line} (13... Be7 14. Ne5 O-O 15. Qb3 Rfe8 16. Nc4 Qd5 17. f3 Nb6 18. Ne5 Qxb3 19. axb3 a5 20. Ne4 Nbd5 21. Bc1 Nxe4 22. fxe4 {½-½ (41) Bacrot,E (2709)-Jobava,B (2696) Novi Sad 2009}) 14. Bd2 Qc7 15. c4 N5f6 $1 {White is slightly better.} 16. Ne4 O-O-O 17. g3 Nxe4 18. Qxe4 Be7 19. c5 $146 {[#] aiming for Bf4.} ({Predecessor:} 19. Bf4 Qa5 20. Ne5 Nxe5 21. Bxe5 {1-0 (47) Sosovicka,M (1844)-Balko,D (1998) Brezova pod Bradlom 2009}) 19... Rhe8 (19... Nf6 $14 20. Qc2 Nd5) 20. Bf4 $36 {[%mdl 2048] White is really pushing.} Qa5 (20... e5 $16 21. Nxe5 Nxe5) 21. Ne5 $18 Nf6 22. Qe2 Nd5 (22... Qb5 $16 {was called for.} 23. Qe1 (23. Qxb5 cxb5 24. Nxf7 Rd5 $16) 23... b6) 23. Nxf7 Nxf4 24. gxf4 Rd5 $2 {[#]} (24... Bf6 25. Nxd8 Qxd8) 25. Qxe6+ Kb8 26. Nd6 1-0

[Event "Gibraltar Challengers B 2020"]
[Site "Caleta"]
[Date "2020.01.25"]
[Round "1.4"]
[White "Cannon, Richard J"]
[Black "Rodriguez Perez, Angel Mariano"]
[Result "1-0"]
[WhiteElo "1990"]
[BlackElo "2220"]
[Annotator "TA"]
[PlyCount "123"]
[EventDate "2020.01.20"]
[EventType "swiss"]
[EventCountry "GGB"]
[SourceTitle "playchess.com"]
[Source "ChessBase"]
[SourceQuality "1"]

{[%evp 22,123,0,0,26,30,99,96,118,108,110,101,95,47,81,-5,-21,-120,-116,-887,-869,-1500,-1499,-1329,0,0,0,0,70,73,74,71,182,183,178,120,132,131,137,131,151,151,153,159,152,150,168,133,134,133,119,77,76,76,67,0,135,43,168,168,181,136,181,181,164,163,155,58,347,243,683,763,1500,1148,12842,12843,12843,12843,12845,12843,12843,12843,12844,12844,12845,12845,12845,12846,12846,12846,12846,12846,12846,12846,12847,12843,12846,12847,12847,12846,12847,12847,12848,12846]} 1. e4 c5 2. Nf3 Nc6 3. d4 cxd4 4. Nxd4 g6 5. Nc3 Bg7 6. Be3 Nf6 7. Be2 O-O 8. O-O d5 9. exd5 Nb4 10. d6 Qxd6 11. Ncb5 Qb8 12. c4 e5 {B34: Sicilian: Accelerated Dragon with 5 Nc3: sidelines} (12... a6 13. Nc3 e5 14. Nf3 Bf5 15. Bb6 Nd7 16. Nh4 Be6 17. Be3 Rd8 18. Qc1 Qd6 19. Bh6 Nc5 20. Bxg7 Kxg7 {½-½ (86) Inkiov,V (2485)-Tregubov,P (2598) Cap d'Agde 2010}) 13. Nc2 Nc6 (13... Nxc2 $11 14. Qxc2 a6) 14. Bc5 $146 ({Predecessor:} 14. Qd6 Bf5 15. Rac1 Rd8 16. Qxb8 Raxb8 17. Nxa7 Nxa7 18. Bxa7 Ra8 19. Bc5 Rxa2 20. Ba3 {0-1 (48) Kasper,M (1755)-Kiesekamp,M (2165) Berlin 2004}) 14... Bf5 {White is better.} 15. Bxf8 Qxf8 16. Ne3 Rd8 17. Qc1 Bh6 18. Rd1 ({White should play} 18. Qe1 $16) 18... Nd4 $36 {[%mdl 2048] Black fights for an advantage.} 19. Bf1 (19. Nc3 $1 $11 {keeps the balance.}) 19... Ng4 $1 $17 20. Na3 $2 {[%mdl 8192]} ({But not} 20. Nxa7 $2 Bxe3 21. fxe3 Qh6 $1 $19 {[%mdl 512]}) (20. Qc3 $17 Bxe3 21. fxe3) 20... Bxe3 $19 21. fxe3 {[#]} Qh6 $1 {[%csl Gg4,LRe3,LRh2][%cal Rh6h2][%mdl 576] Double Attack} 22. h3 {[#]} Qxe3+ $2 (22... Nf3+ $1 $19 {[%mdl 512]} 23. gxf3 Rxd1 {[%mdl 64] Overworked Piece} 24. Qxd1 Qxe3+ 25. Kh1 Nf2+ {[%mdl 64] Double Attack, Discovered Attack} 26. Kh2 Nxd1 27. Rxd1 Qxf3 28. Rd8+ Kg7) 23. Qxe3 $11 Nxe3 24. Re1 Nec2 (24... Nxf1 $11 25. Rxf1 Bd3) 25. Nxc2 $14 Nxc2 26. Rad1 Re8 (26... Nd4 $16) 27. Re2 $18 {Threatens to win with g4.} Nb4 28. Red2 ({Better is} 28. g4 $18 Bd3 29. Re3 Bxf1 30. Kxf1 (30. Rxf1 Nc2 $16)) 28... Nc6 29. g4 Be6 30. Bg2 Bxc4 31. Bxc6 bxc6 $16 {[%mdl 4096] Endgame KRR-KRB} 32. Rd8 $1 {[%cal Rd8e8]} Kf8 33. Rxe8+ Kxe8 {KR-KB} 34. Re1 f6 {[#]} 35. g5 $1 {[%mdl 512]} Kf7 (35... fxg5 36. Rxe5+) 36. b3 Bd5 37. gxf6 Kxf6 38. Kf2 (38. Rc1 $14) 38... e4 (38... g5 $1 $11) 39. Rg1 (39. Ke3 $16) 39... Kf5 (39... g5 $1 $14) 40. Ke3 $18 a6 41. h4 h6 {[#]} 42. Rg2 $1 g5 43. hxg5 hxg5 {[#]} 44. Rg3 (44. b4 $1 $16) 44... c5 $2 {[%mdl 8192]} (44... g4 $14) 45. Rg1 c4 $2 (45... g4 46. Rc1 Ke5 47. Rxc5 g3) 46. Kd4 $1 {[%csl LRc4,LRd5] White is clearly winning.} Bc6 47. bxc4 Kf4 48. Rf1+ Kg3 49. Rf6 Bb7 50. Rb6 Bc8 51. Kxe4 Kf2 52. Rg6 g4 53. Kf4 Ke2 54. c5 Kd3 55. Rxg4 Be6 56. Rg2 Bd5 57. Rh2 Kd4 58. Rc2 Kd3 {[#]} 59. Ke5 $1 {[%mdl 512]} Bc6 60. Rc1 Kd2 61. Rc4 Kd3 62. Rh4 {Accuracy: White = 52%, Black = 23%.} 1-0

[Event "Gibraltar Challengers B 2020"]
[Site "Caleta"]
[Date "2020.01.25"]
[Round "1.5"]
[White "Enkhtuul, Altan-Ulzii"]
[Black "Alami, Halim"]
[Result "1-0"]
[WhiteElo "2200"]
[BlackElo "1987"]
[Annotator "TA"]
[PlyCount "45"]
[EventDate "2020.01.20"]
[EventType "swiss"]
[EventCountry "GGB"]
[SourceTitle "playchess.com"]
[Source "ChessBase"]
[SourceQuality "1"]

{[%evp 9,45,-2,1,1,35,-12,67,18,60,61,119,64,108,92,133,109,141,154,154,143,177,155,139,95,106,99,110,64,310,258,550,528,730,308,1172,1169,1131,1114]} 1. Nf3 d5 2. b3 e6 3. Bb2 Nf6 4. g3 c5 5. Bg2 Nc6 6. O-O {A06: Réti Opening:1 Nf3 d5} (6. c4 d4 7. O-O Be7 8. e3 e5 9. exd4 exd4 10. Re1 O-O 11. Ne5 Nxe5 12. Rxe5 Bd6 13. Re1 Bg4 14. Qc2 Re8 15. Na3 Qd7 16. d3 a6 17. Qd2 Rab8 {½-½ (60) Nakamura,H (2777)-Anand,V (2768) Saint Louis 2018}) 6... Bd7 7. d3 b5 (7... Bd6 $11) 8. Nbd2 $146 {White is slightly better.} ({Predecessor:} 8. e4 d4 9. c4 bxc4 10. dxc4 e5 11. Ne1 g5 12. Bc1 Rg8 {1-0 (60) Palencia Morales,G (2284)-Malpica,O Bolivar 2001}) 8... a5 9. c4 b4 (9... bxc4 $14 10. dxc4 (10. bxc4 Rb8 $14) 10... a4) 10. d4 ({White should play} 10. cxd5 $16 Nxd5 11. Nc4) 10... a4 {White should prevent ...a3.} 11. Rc1 a3 12. Ba1 cxd4 13. Nxd4 Nxd4 14. Bxd4 Bc6 15. cxd5 Bxd5 16. Bxf6 gxf6 17. e4 Bb7 18. Qe2 {Hoping for Rfd1.} Ba6 $2 {[#]} (18... Bh6 $1 $14) 19. Nc4 $18 {[%cal Bd2c4,Bc4d6,Bd6c8][%mdl 32]} Ra7 $2 (19... Bh6 {was called for.}) 20. e5 Bg7 21. Qe3 (21. Rfd1 $142 O-O 22. Rxd8 Rxd8 23. exf6 Bxf6 24. Qg4+ Kf8 25. Qf4) 21... Qe7 $2 (21... Rd7 22. Nd6+ Kf8) 22. Nd6+ Kf8 23. Nc8 {[%mdl 64] Double Attack. Accuracy: White = 55%, Black =  7%.} 1-0

[Event "Gibraltar Challengers B 2020"]
[Site "Caleta"]
[Date "2020.01.25"]
[Round "1.6"]
[White "Fernandez Lopategi, Jon Andoni"]
[Black "Yanev, Pavel"]
[Result "0-1"]
[WhiteElo "1987"]
[BlackElo "2200"]
[Annotator "TA"]
[PlyCount "100"]
[EventDate "2020.01.20"]
[EventType "swiss"]
[EventCountry "GGB"]
[SourceTitle "playchess.com"]
[Source "ChessBase"]
[SourceQuality "1"]

{[%evp 17,100,0,12,0,11,-6,-9,-35,-26,-29,0,-7,0,-14,12,2,0,0,0,-27,-21,-27,4,4,2,-22,-22,-10,-16,-34,-22,-22,-10,-29,-22,-30,-20,-46,-34,-47,-41,-48,0,-8,0,0,16,7,23,-9,27,-9,-9,-9,-6,-9,-10,-14,-10,-9,0,-4,0,-45,0,-84,-63,-78,-77,-64,-47,-143,-122,-198,-191,-383,-383,-992,-372,-1324,-1324,-1324,-1324,-1324,-1065]} 1. d4 Nf6 2. Nf3 b6 3. Bf4 Bb7 4. e3 g6 5. h3 Bg7 6. Be2 d6 7. Nbd2 Nbd7 8. O-O O-O 9. c3 e6 10. Qc2 {A48: 1 d4 Nf6 2 Nf3 g6: Torre, London and Colle Systems} Qe7 11. e4 e5 12. dxe5 {The position is equal.} dxe5 13. Bh2 $146 ({Predecessor:} 13. Be3 Nc5 14. Bxc5 Qxc5 15. Rfe1 a5 16. Rad1 a4 17. Bd3 Nh5 {0-1 (57) Rosiak,A (1860)-Kurajica,B (2494) Santa Cruz de La Palma 2019}) 13... Nh5 14. Rfe1 Nf4 15. Bf1 Rad8 16. Rad1 Nc5 17. b4 Nce6 18. g3 Nh5 19. Nc4 Ng5 20. Nxg5 Qxg5 21. Qc1 Rxd1 22. Qxd1 Rd8 23. Qg4 Qe7 24. Qe2 Qd7 25. Nb2 Qc6 26. Qc2 Nf6 {[%cal Rf6e4]} 27. Bg2 Qe6 28. Rd1 Rxd1+ 29. Nxd1 Qc4 {[%cal Rb7e4]} 30. f3 Bh6 31. Bf1 Qe6 32. Kg2 Ne8 33. Bg1 Nd6 34. Be3 Bxe3 35. Nxe3 f5 $36 {[%cal Rf5e4][%mdl 2048] Black has some pressure.} 36. exf5 gxf5 37. Qb3 Kf7 38. Kf2 Kf6 39. Qxe6+ Kxe6 $11 {[%mdl 4096] Endgame KBN-KBN} 40. Bd3 h5 (40... e4 $5 {[%cal Re4d3]} 41. Be2 exf3 42. Bxf3 Bxf3 43. Kxf3 Ne4 $15) 41. g4 (41. Nc4 $11 {keeps the balance.}) 41... f4 42. Nf5 {[#]} hxg4 $1 43. hxg4 Kf6 44. a4 (44. Nxd6 $15 cxd6 45. a3) 44... a5 45. bxa5 (45. Nxd6 $17 cxd6 46. b5) 45... bxa5 $19 46. Nxd6 $2 {[#]} (46. Bc2 {was called for.}) 46... cxd6 $17 {KB-KB} 47. Bb5 $2 (47. Bc2 d5 48. Bd3) 47... Kg5 $2 (47... e4 48. fxe4 Bxe4) 48. Be2 $2 (48. Bd3 Ba8 49. Ke2) 48... e4 $19 {Black is clearly winning.} 49. fxe4 Bxe4 50. Bd1 Bc6 {Accuracy: White = 31%, Black = 40%.} 0-1

[Event "Gibraltar Challengers B 2020"]
[Site "Caleta"]
[Date "2020.01.25"]
[Round "1.7"]
[White "Levay, Sorin"]
[Black "Paul, Nathanael"]
[Result "1-0"]
[WhiteElo "2192"]
[BlackElo "1987"]
[Annotator "TA"]
[PlyCount "153"]
[EventDate "2020.01.20"]
[EventType "swiss"]
[EventCountry "GGB"]
[SourceTitle "playchess.com"]
[Source "ChessBase"]
[SourceQuality "1"]

{[%evp 10,153,6,-2,0,-7,0,0,0,14,22,20,63,64,64,62,61,12,17,10,14,14,18,13,20,17,20,21,27,0,6,4,4,0,0,0,36,0,96,17,18,0,0,0,0,0,9,0,0,0,0,0,0,0,0,0,0,0,0,0,0,0,0,-10,-10,-15,-12,-23,-15,-20,10,0,0,0,0,0,0,0,0,0,0,0,0,0,0,0,0,0,0,0,0,0,0,0,0,0,0,0,0,0,0,0,0,0,0,0,0,0,0,0,0,0,0,0,0,0,0,0,0,0,0,0,0,0,8,-8,0,0,0,0,0,0,0,2,29981,29983,29983,29984,29984,29984,29985,29986,29988,29989,29989,29990]} 1. e4 c6 2. d3 d5 3. Nd2 e5 4. Ngf3 Bd6 5. d4 exd4 6. exd5 Nf6 {B10: Caro-Kann: 2 d3 and 2 c4} 7. dxc6 (7. Nc4 Bb4+ 8. Bd2 Bxd2+ 9. Qxd2 cxd5 10. Nce5 O-O 11. O-O-O Nc6 12. Nxc6 bxc6 13. Qxd4 Bg4 14. Bd3 {1-0 (38) Carlsen,M (2832)-So,W (2815) chess.com INT 2017}) 7... Nxc6 8. Nb3 Bg4 {The position is equal.} 9. Be2 Bxf3 $146 ({Predecessor:} 9... O-O 10. O-O Re8 11. h3 Bh5 12. Nbxd4 Nxd4 13. Nxd4 Bxe2 14. Nxe2 {½-½ (31) Wendel,S (2271)-Hankel,D (2128) Hessen 2018}) 10. Bxf3 Qe7+ 11. Qe2 O-O-O 12. Qxe7 Bxe7 13. Bxc6 bxc6 14. Bg5 h6 15. Bxf6 Bxf6 16. O-O-O Rd5 17. Rhe1 Rhd8 18. Rd3 Kc7 19. Kd1 a5 {[%cal Ba7a5,Ba5a4][%mdl 32]} 20. Nd2 Rb8 21. b3 {[#]} a4 $1 {[%mdl 512]} 22. Ne4 (22. bxa4 Rb2) 22... Be5 23. g3 (23. Nc3 $5 dxc3 24. Rxd5 cxd5 25. Rxe5 $11) 23... f5 {[#]} (23... axb3 $11 {keeps the balance.} 24. cxb3 Bd6) 24. Nd2 (24. Nc3 $1 $16 {[%cal Rc3d5][%mdl 512]} Ra5 (24... dxc3 25. Rxd5) 25. Nxa4) 24... Bf6 $11 25. f4 axb3 26. cxb3 Ra5 27. a4 Raa8 28. Kc2 Re8 29. Rxe8 Rxe8 {[%mdl 4096] Endgame KRB-KRN} 30. Kd1 Kd6 31. Nc4+ Kc5 32. Kc2 Re7 33. Rd2 h5 34. Nb2 Re3 {Black wants to play ...Rc3+.} 35. Nd3+ Kd5 36. a5 c5 37. Kb1 Kc6 38. a6 Kb6 39. a7 Re8 40. Rc2 Kxa7 41. Rxc5 Re3 42. Kc2 Re2+ 43. Kd1 Rxh2 {And now ...Rh3 would win.} 44. Rxf5 Rh3 45. Ke2 Rxg3 46. Rxh5 Kb6 47. b4 Re3+ 48. Kd2 Rg3 49. Kc2 Re3 50. Rc5 Rh3 51. Ra5 Rf3 52. Rf5 Rh3 53. Rc5 Rf3 54. Rc8 Kb7 55. Re8 Kb6 56. Rb8+ Kc7 57. Rf8 Kb6 58. Re8 Kc6 59. Re5 Kb6 60. Rh5 Rg3 61. Nb2 Rc3+ 62. Kd2 {Black must now prevent Na4+.} Rf3 63. Nc4+ Kb7 64. Rb5+ Kc6 65. Rc5+ Kb7 66. b5 Rxf4 67. Rc6 {Intending Nd6+ and mate.} Be7 68. Na5+ Kb8 {aiming for ...Bb4+.} 69. Kd3 Bb4 70. Nb3 Rf6 71. Nxd4 {Rxf6 is the strong threat.} Ba5 $2 {[%mdl 8192]} (71... Ba3 $11) 72. Rxf6 {White mates.} gxf6 73. Nc6+ Kb7 74. Nxa5+ Kb6 75. Kc4 Kxa5 76. Kc5 f5 77. b6 {Accuracy: White = 66%, Black = 67%.} 1-0

[Event "Gibraltar Challengers B 2020"]
[Site "Caleta"]
[Date "2020.01.25"]
[Round "1.8"]
[White "Herzwurm, Robert"]
[Black "Prieto Martin, Alfonso"]
[Result "0-1"]
[WhiteElo "1979"]
[BlackElo "2181"]
[Annotator "TA"]
[PlyCount "62"]
[EventDate "2020.01.20"]
[EventType "swiss"]
[EventCountry "GGB"]
[SourceTitle "playchess.com"]
[Source "ChessBase"]
[SourceQuality "1"]

{[%evp 17,128,9,23,-35,14,20,20,13,28,-17,-22,-6,0,-52,4,-133,-141,-145,-127,-138,-133,-133,-120,-160,-143,-142,-130,-155,-147,-160,-165,-163,-144,-194,-185,-259,-196,-187,-185,-201,-186,-186,-186,-186,-186,-198,-186,-182,-181,-176,-173,-186,-186,-186,-186,-186,-186,-184,0,-186,-186,-186,-186,-186,-181,-186,0,-186,-186,-192,-181,-185,-147,-186,-186,-186,-186,-186,-186,-186,-186,-186,-186,-186,-186,-228,-186,-228,-181,-228,-221,-557,-557,-551,-536,-1233,-181,-669,-248,-248,-248,-508,-243,-339,-321,-313,-306,-306,-234,-234,-192,-1155,-1105]} 1. e4 c5 2. Nc3 g6 3. f4 Bg7 4. Nf3 Nc6 5. Bb5 Nd4 6. O-O a6 7. Bd3 d6 8. Nxd4 cxd4 9. Ne2 Nf6 10. b3 {B23: Closed Sicilian: Lines without g3} (10. c3 $11) (10. Kh1 e5 11. c3 O-O 12. cxd4 exd4 13. Ng3 Re8 14. f5 d5 15. exd5 Qxd5 16. b3 b5 17. Be2 Bb7 18. Bf3 {½-½ (31) Skoberne,J (2549)-Schlosser,P (2579) Austria 2013}) 10... Bg4 11. h3 Bxe2 12. Qxe2 {The position is equal.} O-O $146 ({Predecessor:} 12... Nd7 13. Bb2 Nc5 14. Qf2 Nxd3 15. cxd3 Qb6 16. e5 dxe5 17. fxe5 O-O 18. Bxd4 {1-0 (38) Lacroix,R (2170)-Quillien,E (2154) France 2007}) 13. g4 Nd7 14. Bb2 e5 15. Kg2 ({White should try} 15. f5 $11) 15... Nc5 (15... exf4 $1 $15 16. Rxf4 Nc5) 16. Ba3 (16. f5 $11) 16... Ne6 $17 17. f5 Nf4+ 18. Rxf4 exf4 19. Qf2 Be5 20. Kf3 Rc8 21. Bb2 Qf6 22. Rg1 h6 23. h4 g5 24. Rh1 Kg7 25. Rh3 Rh8 26. Qh2 (26. h5 {might work better.}) 26... Rcg8 27. h5 Rc8 28. Qe2 Rc6 29. Rh1 Rhc8 30. Rc1 Qd8 31. Qf2 d5 {Played: Qd8-b6} 0-1

[Event "Gibraltar Challengers B 2020"]
[Site "Caleta"]
[Date "2020.01.25"]
[Round "1.9"]
[White "Galvan, Jesus"]
[Black "Wang, Cong"]
[Result "1-0"]
[WhiteElo "2180"]
[BlackElo "1975"]
[Annotator "TA"]
[PlyCount "103"]
[EventDate "2020.01.20"]
[EventType "swiss"]
[EventCountry "GGB"]
[SourceTitle "playchess.com"]
[Source "ChessBase"]
[SourceQuality "1"]

{[%evp 14,103,33,20,24,14,25,20,18,-2,0,-17,25,19,40,24,87,56,76,47,85,81,137,73,43,40,57,59,69,64,60,-93,-25,-37,-16,-85,-74,-79,-95,-126,-122,-110,-85,-130,-32,-104,-13,-50,0,-2,8,0,0,0,80,0,56,39,21,92,74,79,124,128,120,121,118,117,160,152,142,120,139,84,290,271,310,284,278,283,266,231,231,211,234,165,405,341,1049,951,29991,29992]} 1. d4 d5 2. c4 e6 3. Nc3 Nf6 4. Bg5 Nbd7 5. cxd5 exd5 6. e3 Be7 7. Bd3 O-O 8. Nge2 h6 {D35: Queen's Gambit Declined: Exchange Variation} 9. Bh4 b6 (9... c6 10. Qc2 Re8 11. f3 Bf8 12. Bf2 c5 13. O-O cxd4 14. exd4 Nb6 15. a4 Be6 16. Nf4 Rc8 17. Nxe6 fxe6 18. Bg6 Re7 19. Rfe1 {1-0 (49) Grigoryan,K (2632)-Lu,S (2611) Roquetas de Mar 2020}) 10. Qc2 Bb7 {The position is equal.} 11. f3 c5 12. O-O-O cxd4 (12... c4 $5 13. Bf5 $8 Re8 $11) 13. exd4 $146 ({Predecessor:} 13. Nxd4 Ne8 14. Bxe7 Qxe7 15. Rhe1 Nd6 16. Nf5 Nxf5 17. Bxf5 Nf6 18. Kb1 a6 19. e4 dxe4 20. Nxe4 Bxe4 21. Bxe4 Nxe4 22. Rxe4 Qf6 23. Red4 {½-½ (23) Pecurica,M (2010)-Vucinic,P (2226) Cetinje 2009}) 13... Rc8 14. Kb1 Nb8 (14... Re8 $11) 15. Bf5 Rc4 16. Ka1 a6 17. g4 Nfd7 (17... b5 $142) 18. Bg3 (18. Bxe7 $142 Qxe7 19. Rhe1) 18... b5 $16 19. Bd3 Rc6 20. Qd2 Nb6 $1 21. Bc2 $1 b4 22. Nb1 $2 (22. Na4 $14 {keeps the upper hand.}) 22... Nc4 (22... a5 $17) 23. Qd3 $11 {[%csl Gc2][%cal Rd3h7]} g6 $1 24. b3 (24. Ba4 $11) 24... Nd6 25. h4 {With the idea h5.} a5 $1 26. Nf4 {Nxg6! is the strong threat.} Ba6 27. Qd2 Nb5 28. Bf2 Kg7 (28... Bf6 $17 29. h5 Qd6) 29. Be3 {[#]} ({Better is} 29. Rc1 $15) 29... Qd7 (29... Re8 $1 $17) 30. h5 {Black must now prevent hxg6.} g5 $1 {Hoping for ...Rxc2.} 31. Bf5 $132 {[%mdl 2048] White has counterplay} ({Avoid the trap} 31. Qd3 $2 Rh8 $19) 31... Qd6 32. Ne2 Bc8 33. Bd3 Ba6 (33... Nc7 $11 {keeps the balance.}) 34. Rhg1 (34. f4 $16) 34... Nc3 (34... Bf6 $11) 35. Ng3 $1 $14 {[%cal Rg3f5] Strongly threatening Nf5+.} Bxd3 36. Qxd3 {Threatens to win with Nf5+.} Qd7 37. Nf5+ Kg8 38. Rc1 Rfc8 39. Bd2 Nxb1 40. Kxb1 Bf8 {[#]} 41. f4 $1 Rxc1+ 42. Rxc1 Rxc1+ 43. Bxc1 ({White should try} 43. Kxc1 gxf4 44. Bxf4) 43... Qd8 $2 (43... f6 $16) 44. Qb5 $18 Kh7 45. Qb7 Kg8 {If Black can now play ...Qe8 this consolidates a bit.} 46. fxg5 hxg5 47. h6 {Intending h7+ and mate.} Qe8 48. Qxd5 Qe6 49. Qh1 {And now d5 would win.} ({Less strong is} 49. Qxa5 Qe4+ 50. Ka1 Qc2 $11) 49... Qg6 $2 (49... Nd7 {was worth a try.} 50. Bxg5 Qe2) 50. Qa8 Nc6 $2 (50... Qb6 51. Bxg5 Nd7) 51. Ka1 Nxd4 52. Ne7+ {[%mdl 64] Double Attack. Accuracy: White = 52%, Black = 34%.} 1-0